000 00403nam a22001577a 4500
003 MPLRDC
005 20220104124247.0
008 210129b ||||| |||| 00| 0 eng d
082 _a870.99 SAN-2
100 _a玛丽. 荷薇著; 晋先柏译
245 _a爱的寻求: 乔治. 桑的一生
_c
260 _a
_b中国文联出版公司
_c
300 _b
650 _a
942 _cBK
_o870.99 SAN-2
999 _c17915
_d17905